| Tag |
First Indicator |
Second Indicator |
Subfields |
| LEADER |
00000cam a2200000 a 4500 |
| 001 |
in00001382607 |
| 005 |
20151019171209.0 |
| 008 |
960925s1996 dcua bs f000 0 eng d |
| 010 |
|
|
|a gp 97064314
|
| 010 |
|
|
|a 96211363
|
| 020 |
|
|
|a 0160487471
|
| 035 |
|
|
|a (OCoLC)35630130
|
| 035 |
|
|
|9 AHK7819AM
|
| 037 |
|
|
|a 065-000-00895-5
|b GPO
|
| 040 |
|
|
|a DGPO
|d GPO
|d DLC
|d MvI
|d UtOrBLW
|
| 042 |
|
|
|a lccopycat
|
| 043 |
|
|
|a n-us---
|
| 050 |
0 |
0 |
|a LB2424
|b .B33 1996
|
| 074 |
|
|
|a 0455-G-11
|
| 082 |
0 |
0 |
|a 378/.01/0973
|2 21
|
| 086 |
0 |
|
|a ED 1.328/7:B 12
|
| 088 |
|
|
|a NCES 96-149
|
| 245 |
0 |
0 |
|a Baccalaureate and beyond longitudinal study :
|b 1993/94 first follow-up methodology report.
|
| 246 |
1 |
|
|i On t.p.:
|a B & B
|
| 264 |
|
1 |
|a Washington, DC :
|b U.S. Dept. of Education, Office of Educational Research and Improvement, National Center for Education Statistics :
|c [1996]
|
| 264 |
|
2 |
|a Washington, DC :
|b For sale by the U.S. G.P.O., Supt. of Docs.,
|
| 300 |
|
|
|a 1 volume (various pagings) :
|b illustrations ;
|c 28 cm.
|
| 336 |
|
|
|a text
|b txt
|2 rdacontent
|
| 337 |
|
|
|a unmediated
|b n
|2 rdamedia
|
| 338 |
|
|
|a volume
|b nc
|2 rdacarrier
|
| 490 |
1 |
|
|a Technical report
|
| 500 |
|
|
|a Chiefly tables.
|
| 500 |
|
|
|a "August 1996."
|
| 500 |
|
|
|a "NCES 96-149."
|
| 504 |
|
|
|a Includes bibliographical references (pages 58, 2nd group).
|
| 650 |
|
0 |
|a College graduates
|z United States
|x Longitudinal studies.
|
| 650 |
|
0 |
|a Education, Higher
|z United States
|x Longitudinal studies.
|
| 650 |
|
0 |
|a Academic achievement
|z United States
|x Longitudinal studies.
|
| 650 |
|
0 |
|a Educational surveys
|z United States.
|
| 700 |
1 |
|
|a Green, Patricia J.
|
| 710 |
2 |
|
|a National Center for Education Statistics.
|
| 830 |
|
0 |
|a Technical report (National Center for Education Statistics)
|
| 999 |
|
|
|a MARS
|
| 999 |
f |
f |
|s 2224b5d7-7f83-391c-84cb-cf17e70878be
|i 850662d4-72a0-33a7-a2b0-9f078273759e
|t 0
|
| 952 |
f |
f |
|p normal
|a Texas A&M University
|b College Station
|c Sterling C. Evans Library
|d Evans: US Documents (Annex 5th floor)
|t 0
|e ED 1.328/7:B 12
|h Superintendent of Documents classification
|i unmediated -- volume
|m A14821773479
|
| 998 |
f |
f |
|a ED 1.328/7:B 12
|t 0
|l Evans: US Documents (Annex 5th floor)
|